Inflation, depression, and economic policy in the West

Saved in:
Bibliographic Details
Other Authors: Courakis, Anthony S.
Format: Book
Language:English
Published: London : Oxford : Mansell, Alexandrine Press, 1981
Subjects:
Tags: Add Tag
No Tags, Be the first to tag this record!

MARC

LEADER 00000cam a2200000 i 4500
001 1/63987
008 950823s1981 eng d
020 |a 0720109159 
035 |l 10029350 
040 |a GR-MY-UA  |b gre  |e aacr 
041 0 |a eng 
082 0 |a 330.91713 
245 1 0 |a Inflation, depression, and economic policy in the West /  |c edited by Anthony S. Courakis 
260 |a London :   |a Oxford :   |b Mansell,   |b Alexandrine Press,   |c 1981 
300 |a 376 p.;  |b ill.;  |c 25 cm 
500 |a "Most of the papers ... were presented to a conference organized with the financial support of Fox-Pitt Kelton Inc."--Pref 
504 |a Includes bibliographies and index 
650 0 0 |a Economic history  |y 1971-1990. 
650 0 0 |a Economic policy. 
650 0 0 |a Inflation (Finance) 
650 0 0 |a Monetary policy. 
700 1 |a Courakis, Anthony S. 
852 |a INST  |b CHIOS  |e 19950823  |h 330.91713 INF  |p 005200005784  |q 005200005784  |t BK  |y 0 
909 |a Χ  |b 006082